Mentir para ganar - Prueba de clic #1 - Estadísticas

Estadísticas generales
  • Esta prueba ha sido intentada 7.683 veces
  • La puntuación promedio es 15 de 20
Estadísticas de respuestas
Hint Respuesta % Correcto
¿Se hundió el Titanic? No
96%
¿Ha estado alguna vez un hombre en Plutón?
92%
¿Eres un delfín?
90%
¿Hulk se vuelve rosa cuando se enfada?
87%
¿ESTA PREGUNTA ESTÁ EN MAYÚSCULAS? No
86%
¿Es África un país?
86%
¿Es Argelia una región de España?
86%
¿Los bebés son transportados por cigüeñas?
84%
6 + 7 = 13. ¿Estoy en lo cierto? No
83%
¿Existió realmente Cleopatra? No
79%
¿Es Cuba la isla más grande del mundo?
78%
¿Era Michael Jackson estadounidense? No
76%
¿Las gallinas tienen dientes?
76%
¿Es peligroso respirar el aire puro?
72%
¿Un año bisiesto tiene 366 días? No
69%
¿La primera pregunta de este prueba trataba sobre el Titanic? No
65%
¿Existe realmente Bélgica? No
63%
¿Es Luke el padre de Darth Vader?
50%
¿Esta prueba tiene 20 preguntas? No
38%
¿Las arañas son insectos?
38%
No se encontraron pruebas coincidentes
Distribución de puntuación
Porcentaje de gente con cada puntuación
Porcentaje por número respondido
Historial de tus puntuaciones
No has intentado esta prueba.